000 01368cam a2200361 i 4500
999 _c3873
_d3873
001 .b3071400x
003 OSt
005 20241114081854.0
008 230427t22622004nyuab 000 1 eng d
020 _a9781510108615
_q(pbk.) :
040 _aNCNU
_beng
_cNCNU
_dNCNU
_eAACR2
_dRDI
_dKH8
042 _anbic
082 0 4 _aFIC PAV
_222
100 1 _aPaver, Michelle,
_eauthor.
245 1 0 _aWolf brother /
_cMichelle Paver.
250 _afirst American edition.
264 1 _aNew York :
_bHarperTrophy,
_c2006.
264 4 _c©2004.
300 _a293, 18 pages :
_billustrations ;
_c19 cm.
490 1 _aChronicles of ancient darkness ;
_vBook One.
500 _aOriginally published: London : Orion Children's Books, c2004.
520 _aTwelve-year-old Torak and his guide, a wolf cub, set out on a dangerous journey to fulfill an oath the boy made to his dying father to destroy a demon-possessed bear that threatens all the clans.
521 8 _a660L
_bLexile.
650 1 _aVoyages and travels
_vFiction.
650 1 _aPrehistoric peoples
_vFiction.
650 1 _aWolves
_vFiction.
650 1 _aDemoniac possession
_vFiction.
650 1 _aBears
_vFiction.
655 7 _aHistorical fiction.
_2gsafd.
800 1 _aPaver, Michelle.
_tChronicles of ancient darkness ;
_vBook One.
830 0 _aChronicles of ancient darkness ;
_vBook One.
942 _2ddc
_cFIC